William Dawson

UBC A


Categories

Social Science03023091106.0011
Other0300306196.0012
Religion0301306894.0001
History - American History03112579107.3301
History - European History0310257188.6713
Literature - American Literature0200206296.0012
Literature - European Literature020020139142.5002
Mythology02002084115.0001
History - World History0320207078.3303
History - Other History021115109118.0001
Science - Biology0100108181.0001
Science - Other Science0100106969.0001
Science - Chemistry0010-50.0000
Philosophy0010-50.0000

Buzzes

Science - Chemistryethers-54
History - Other HistoryRussia-522
PhilosophyW. V. O. Quine-530
History - World History1980s-548
OtherThe Dark Side of the Moon1061
Literature - American LiteratureVietnamese1062
History - American HistoryMobile, Alabama-563
ReligionEthiopian Church1068
Science - Other Sciencepesticides1069
History - World Historyturtles1070